To develop a JAVA applet for flow demonstration in converging-diverging nozzle without boundary layer and friction (Record no. 323166)
[ view plain ]
| 000 -LEADER | |
|---|---|
| fixed length control field | 00422 a2200133 4500 |
| 001 - CONTROL NUMBER | |
| control field | 88093 |
| 082 ## - DEWEY DECIMAL CLASSIFICATION NUMBER | |
| Classification number | PR 332 |
| 090 ## - LOCALLY ASSIGNED LC-TYPE CALL NUMBER (OCLC); LOCAL CALL NUMBER (RLIN) | |
| -- | 41504 |
| -- | 41504 |
| 100 ## - MAIN ENTRY--PERSONAL NAME | |
| Personal name | Noman Fasihullah, 2990 |
| 245 ## - TITLE STATEMENT | |
| Title | To develop a JAVA applet for flow demonstration in converging-diverging nozzle without boundary layer and friction |
| 260 ## - PUBLICATION, DISTRIBUTION, ETC. | |
| Place of publication, distribution, etc. | Risalpur |
| Name of publisher, distributor, etc. | NUST Risalpur |
| Date of publication, distribution, etc. | 2004 |
| 300 ## - PHYSICAL DESCRIPTION | |
| Extent | viii, 45p. |
| Accompanying material | Abid Ali Khan |
| 500 ## - GENERAL NOTE | |
| General note | BE Project Reports |
| 942 ## - ADDED ENTRY ELEMENTS (KOHA) | |
| Institution code [OBSOLETE] | CAE NUST |
| Call number prefix | PR 332 |
| Withdrawn status | Lost status | Damaged status | Not for loan | Collection code | Permanent Location | Current Location | Date acquired | Total Checkouts | Full call number | Barcode | Date last seen | Price effective from | Koha item type |
|---|---|---|---|---|---|---|---|---|---|---|---|---|---|
| College of Aeronautical Engineering (CAE) | College of Aeronautical Engineering (CAE) | 04/03/2017 | PR 332 | CAEPR-332 | 04/05/2017 | 04/05/2017 | Book |
